Riconosci lo Stato - Quiz n°55 - Statistics

Statistiche generali
  • Questo quiz è stato fatto 30 volte
  • Il punteggio medio è 13 su 13
Statistiche sulle risposte
Indizio Risposta % Corretto
Indipendenza dalla Serbia e Montenegro, 3 giugno 2006
100%
Valuta Euro
100%
Iniziale della Capitale P
100%
Tasso di crescita -0,160%
96%
ISU 0,807
96%
Superficie 13 812 km²
96%
Popolazione 616 695 ab.
96%
PIL (nominale) 8 825 milioni di $ (2019)
96%
Presidente della Repubblica Jakov Milatović
96%
Primo ministro Milojko Spajić
96%
Risposta Montenegro
96%
Forma di Governo Repubblica parlamentare
96%
Fuso Orario UTC +1
96%
Nessun quiz corrispondente trovato
Distribuzione punteggi
Percentuale di utenti per punteggio
Percentile per numero di risposta
I tuoi punteggi nel tempo
Non hai fatto questo quiz